00260nam a22000977a 4500082001900000100003000019245005200049260003300101300002000134650000800154 a347.95491bZAF aZafar, Chaudhary Muhammad aIngredients of F.I.R/cChaudhary Muhammad Zafar bKazim Law Book House,c2023. a298p. :c24cm.  aLAW